Fundamentals of English grammar

Saved in:
Bibliographic Details
Main Author: Azar, Betty Schrampfer
Format: Book
Language:Undetermined
Published: Thành phố Hồ Chí Minh Nhà xuất bản Thành phố Hồ Chí Minh 2001
Subjects:
Tags: Add Tag
No Tags, Be the first to tag this record!
Institutions: Trung tâm Học liệu Trường Đại học Cần Thơ
LEADER 00592nam a2200193Ia 4500
001 CTU_94919
008 210402s9999 xx 000 0 und d
082 |a 428.24 
082 |b A992 
100 |a Azar, Betty Schrampfer 
245 0 |a Fundamentals of English grammar 
245 0 |c Betty Schrampfer Azar 
260 |a Thành phố Hồ Chí Minh 
260 |b Nhà xuất bản Thành phố Hồ Chí Minh 
260 |c 2001 
650 |a English language,English language 
650 |x Grammar 
904 |i Trúc 
980 |a Trung tâm Học liệu Trường Đại học Cần Thơ